| 000 | 00407 a2200145 4500 | ||
|---|---|---|---|
| 005 | 20250609121501.0 | ||
| 020 | _a978-0-14-051377-6 | ||
| 082 | _aREF 658.03 BAN | ||
| 100 | _aBANNOCK, G . | ||
| 245 | _aThe New Penguin Business Dictionary | ||
| 260 |
_aLondon, _bPenguin Book, _c2002. |
||
| 300 |
_a393p.: illo.; graphy, _c20cm. |
||
| 700 | _aDAVIS, E . , TROTT, P. & UNCLES, M. | ||
| 942 |
_2ddc _cBKS |
||
| 999 |
_c3505 _d3505 |
||